The Cambridge history of Iran, Vol.-1 : (Record no. 21611)
[ view plain ]
| 000 -LEADER | |
|---|---|
| fixed length control field | 01347cam a22002771 4500 |
| 001 - CONTROL NUMBER | |
| control field | 754845 |
| 003 - CONTROL NUMBER IDENTIFIER | |
| control field | BDDh-ASL |
| 005 - DATE AND TIME OF LATEST TRANSACTION | |
| control field | 20231015030022.0 |
| 008 - FIXED-LENGTH DATA ELEMENTS--GENERAL INFORMATION | |
| fixed length control field | 710920m19681991enkabf b 001 0 eng |
| 010 ## - LIBRARY OF CONGRESS CONTROL NUMBER | |
| LC control number | 67012845 |
| 015 ## - NATIONAL BIBLIOGRAPHY NUMBER | |
| National bibliography number | B*** (v. 1 & v. 5) |
| 020 ## - INTERNATIONAL STANDARD BOOK NUMBER | |
| International Standard Book Number | 0521060351 (v. 1)0001509834A |
| 040 ## - CATALOGING SOURCE | |
| Original cataloging agency | DLC |
| Transcribing agency | DLC |
| Modifying agency | DLC |
| -- | BDDh-ASL |
| 043 ## - GEOGRAPHIC AREA CODE | |
| Geographic area code | a-ir--- |
| 050 00 - LIBRARY OF CONGRESS CALL NUMBER | |
| Classification number | DS272 |
| Item number | .C34 |
| 082 00 - DEWEY DECIMAL CLASSIFICATION NUMBER | |
| Classification number | 955 |
| Item number | CAM |
| 245 04 - TITLE STATEMENT | |
| Title | The Cambridge history of Iran, Vol.-1 : |
| Remainder of title | The Land of Iran / |
| 260 ## - PUBLICATION, DISTRIBUTION, ETC. | |
| Place of publication, distribution, etc. | Cambridge: |
| Name of publisher, distributor, etc. | University Press, |
| Date of publication, distribution, etc. | 1968-1991. |
| 300 ## - PHYSICAL DESCRIPTION | |
| Extent | v-1, 784 p. : |
| Other physical details | illus., maps, plates. |
| Dimensions | 24 cm. |
| 504 ## - BIBLIOGRAPHY, ETC. NOTE | |
| Bibliography, etc. note | Includes bibliographies and indexes. |
| 505 0# - FORMATTED CONTENTS NOTE | |
| Formatted contents note | v. 1. The land of Iran, edited by W. B. Fisher.--v. 2. The Median and Achaemenian periods, edited by Ilya Gershevitch.--v. 3. The Seleucid, Parthian, and Sasanian periods, edited by Ehsan Yarshater (2 pts.).--v. 4. The period from the Arab invasion to the Saljuqs.--v. 5. The Saljuq and Mongol periods, edited by J. A. Boyle.--v. 6. The Timurid and Safavid periods, edited by Peter Jackson and Laurence Lockhart.--v. 7. From Nadir Shah to the Islamic Republic, edited by Peter Avery, Gavin Hambly, and Charles Melville. |
| 651 #0 - SUBJECT ADDED ENTRY--GEOGRAPHIC NAME | |
| Geographic name | Iran |
| General subdivision | History. |
| 700 1# - ADDED ENTRY--PERSONAL NAME | |
| Personal name | Fisher, W. B. |
| Fuller form of name | (William Bayne) |
| 906 ## - LOCAL DATA ELEMENT F, LDF (RLIN) | |
| a | 7 |
| b | cbc |
| c | orignew |
| d | u |
| e | ocip |
| f | 19 |
| g | y-gencatlg |
| 942 ## - ADDED ENTRY ELEMENTS (KOHA) | |
| Source of classification or shelving scheme | Dewey Decimal Classification |
| Koha item type | Books |
| Withdrawn status | Lost status | Source of classification or shelving scheme | Damaged status | Not for loan | Collection code | Home library | Current library | Shelving location | Date acquired | Source of acquisition | Serial Enumeration / chronology | Total Checkouts | Full call number | Barcode | Date last seen | Copy number | Price effective from | Koha item type | Public note |
|---|---|---|---|---|---|---|---|---|---|---|---|---|---|---|---|---|---|---|---|
| Dewey Decimal Classification | Non-fiction | Asiatic Society Library | Asiatic Society Library | General Stacks | 02/08/2021 | ASB Library Collections | V-1 | 955 CAM | 105456 | 02/08/2021 | C-1 | 02/08/2021 | Books | RARE |